Jangan lupakan aku

Bibliographic Details
Main Author: Iza Safiya
Format: Book
Published: Selangor : Grup buku Karangkraf , 2013
Subjects:

MARC

LEADER 00000cam a2200000 7i4500
001 0000081862
005 20190211.0
008 190108
020 |a 9789831248409 
041 0 |a Malay 
090 0 0 |a IZA   |b MAL 
100 0 |a Iza Safiya 
245 0 0 |a Jangan lupakan aku   |c Iza Safiya 
260 |a Selangor :   |b Grup buku Karangkraf ,   |c 2013 
300 |a 18.5cm :   |b 569pg 
500 |a Novel malay 
650 0 |a Malay fiction 
999 |a 0001519654   |b Book   |c Adult Collection   |e Cawangan Bandar Tenggara